| 000 | 00662nam a2200205Ia 4500 | ||
|---|---|---|---|
| 003 | GCL | ||
| 008 | 140319s9999 xx 000 0 eng d | ||
| 020 | _a0253312140 | ||
| 040 |
_aGCL / _cGCL |
||
| 082 | 0 | 4 |
_a354.47074 _bB P |
| 100 | 1 | _aBROWN, ARCHIE | |
| 245 | 1 | 0 |
_aPOLITICAL LEADERSHIP IN THE SOVIET UNION / _cBROWN, ARCHIE |
| 260 |
_aانجلترا : _bINDIANA UNIVERSITY ، _c1989 |
||
| 300 |
_a22 CM ؛ _cX1, 245 P |
||
| 650 | 0 | 4 | _aGOVERNMENT EXECUTIVES - SOVIET UNION |
| 650 | 0 | 4 | _aPOLITICAL LEADERSHIP - SOVIET UNION |
| 650 | 0 | 4 | _aELITE ( SOCIAL SCIENCES ) - SOVIET UNION |
| 650 | 0 | 4 | _aSOVIET UNION - POLITICS AND GOVERNMENT - 1917 |
| 942 |
_2ddc _cBK |
||
| 999 |
_c4781 _d4781 |
||